000 00304nam a22001217a 4500
040 _cSK
082 _a634
100 _aSIENG DARONG; សៀង ដារង្គ
245 _aForest Harvesting; អាជីវកម្មព្រៃឈើ
260 _aRUA
_bSIE
_c1997
300 _a103p.
942 _cKB
999 _c9396
_d9396